Statistiques concernant Pays ayant des crocodiles marin sauvage

Cliquez ici pour prendre le quiz!

Statistiques générales

  • Ce quiz a été pris 122 fois
  • Le résultat moyen est 11 sur 18

Statistiques - réponses

Pays% Correct
Australie
98%
Indonésie
87%
Inde
85%
Malaisie
81%
Vietnam
77%
Thailande
76%
Cambodge
70%
Sri Lanka
66%
Singapour
62%
Bangladesh
61%
Philippines
60%
Timor-oriental
57%
Papouasie-nouvelle guinée
54%
Brunei
53%
Salomon
47%
Vanuatu
47%
Palaos
39%
Myanmar
20%

Distribution des résultats

Percentile par nombre de réponses

% des personnes avec chaque résultat

Votre développement - résultats

Vous n’avez pas pris ce quiz